Missing Word: 19th Century on Film (A-Z) Quiz Stats

 Plays Quiz Updated Apr 30, 2015

Challenge
Share
Tweet
Embed
Score 0/26 Timer 04:00
4 Plays Today
Hint Missing Word % Correct
Gone with the _____Wind
95.9%
The Good, the Bad and the _____Ugly
95.9%
The _____ of InnocenceAge
94.5%
Wuthering _____Heights
94.4%
_____ EyreJane
94%
_____ with WolvesDances
94%
_____ GritTrue
93.7%
Pride & _____Prejudice
93.6%
_____ TwistOliver
93.2%
The Mask of _____Zorro
92.2%
_____ SaddlesBlazing
92.2%
_-____ Origins: WolverineX-Men
89.9%
The Magnificent _____Seven
88.4%
Hint Missing Word % Correct
_____ of New YorkGangs
88%
_____ MountainCold
79.5%
3:10 to _____Yuma
78.6%
The _____ and the DeadQuick
73.3%
The _____ of Being EarnestImportance
72.7%
Anna _____Karenina
71.3%
The Portrait of a _____Lady
68.9%
The Assassination of Jesse James by the Coward _____ FordRobert
61.6%
The _____ ManElephant
60.4%
Finding _____Neverland
58.2%
_____ ParkMansfield
41.2%
The Man with the Iron _____Fists
35.4%
The Young _____Victoria
21.4%

Today's Daily Dose

You're not logged in!

Compare scores with friends on all Sporcle quizzes.
OR
Log In

You Might Also Like...

Show Comments

Extras

Top Quizzes Today


Score Distribution

Your Account Isn't Verified!

In order to create a playlist on Sporcle, you need to verify the email address you used during registration. Go to your Sporcle Settings to finish the process.

Report this User

Report this user for behavior that violates our Community Guidelines.

Details: